[Event "British Chess Championships 2023: Major Open"]
[Site "The Venue, De Montfort University, 20 Western Boulevard, Leicester, LE2 7BU"]
[Date "2023.07.22"]
[Round "1"]
[Board "1"]
[White "Sivanandan, Bodhana"]
[Black "Lewis, Andrew P"]
[Result "0-1"]
[WhiteElo "1834"]
[BlackElo "2235"]
[PlyCount "0"]
[EventDate "2023.07.22"]
[EventRounds "9"]
[EventCountry "ENG"]

1. e4 {[%clk 1:30:49]} c5 {[%clk 1:30:46]} 2. Nc3 {[%clk 1:30:07]} Nc6 {[%clk
1:31:06]} 3. f4 {[%clk 1:30:10]} e6 {[%clk 1:31:26]} 4. Nf3 {[%clk 1:30:12]} a6
{[%clk 1:31:43]} 5. g3 {[%clk 1:29:21]} d5 {[%clk 1:31:41]} 6. d3 {[%clk
1:28:48]} Nf6 {[%clk 1:31:52]} 7. e5 {[%clk 1:27:43]} Ng4 {[%clk 1:28:09]} 8. Bg2
{[%clk 1:23:54]} h5 {[%clk 1:25:13]} 9. O-O {[%clk 1:15:21]} Be7 {[%clk 1:24:22]}
10. h3 {[%clk 1:13:22]} Nh6 {[%clk 1:24:03]} 11. Ne2 {[%clk 1:05:59]} Bd7 {[%clk
1:16:35]} 12. d4 {[%clk 0:58:56]} Nf5 {[%clk 1:14:00]} 13. c3 {[%clk 0:55:31]}
cxd4 {[%clk 1:12:30]} 14. Nfxd4 {[%clk 0:54:15]} Ncxd4 {[%clk 1:11:15]} 15. cxd4
{[%clk 0:53:03]} Bb5 {[%clk 1:10:31]} 16. Kh2 {[%clk 0:48:58]} h4 {[%clk
1:07:48]} 17. g4 {[%clk 0:42:59]} Ng3 {[%clk 1:07:57]} 18. Nxg3 {[%clk 0:42:15]}
hxg3+ {[%clk 1:08:17]} 19. Kxg3 {[%clk 0:42:37]} Bxf1 {[%clk 1:08:39]} 20. Qxf1
{[%clk 0:42:12]} Qb6 {[%clk 1:04:22]} 21. Qd3 {[%clk 0:40:46]} Rc8 {[%clk
1:00:21]} 22. Kh2 {[%clk 0:39:48]} Rc4 {[%clk 0:57:17]} 23. Be3 {[%clk 0:35:04]}
Qxb2 {[%clk 0:51:07]} 24. Rb1 {[%clk 0:34:21]} Qc2 {[%clk 0:46:02]} 25. Qxc2
{[%clk 0:34:09]} Rxc2 {[%clk 0:46:27]} 26. Rxb7 {[%clk 0:34:26]} Rxa2 {[%clk
0:44:23]} 27. Rb8+ {[%clk 0:33:30]} Bd8 {[%clk 0:44:17]} 28. f5 {[%clk 0:32:04]}
O-O {[%clk 0:43:24]} 29. Rb7 {[%clk 0:27:00]} Bh4 {[%clk 0:39:21]} 30. Bf4 {[%clk
0:24:36]} Rc8 {[%clk 0:37:25]} 31. Bg3 {[%clk 0:24:10]} Rcc2 {[%clk 0:32:05]} 32.
Bxh4 {[%clk 0:23:07]} Rxg2+ {[%clk 0:32:25]} 33. Kh1 {[%clk 0:23:21]} Rgb2 {[%clk
0:30:26]} 34. Rxb2 {[%clk 0:23:23]} Rxb2 {[%clk 0:30:50]} 35. Be7 {[%clk
0:22:56]} a5 {[%clk 0:30:53]} 36. fxe6 {[%clk 0:22:30]} fxe6 {[%clk 0:31:06]} 37.
Bc5 {[%clk 0:22:05]} a4 {[%clk 0:31:23]} 38. h4 {[%clk 0:22:19]} Rb3 {[%clk
0:31:43]} 39. Kg2 {[%clk 0:22:37]} a3 {[%clk 0:32:04]} 40. Bxa3 {[%clk 0:22:47]}
Rxa3 {[%clk 0:32:24]} 41. h5 {[%clk 0:22:42]} Rd3 {[%clk 0:32:34]} 42. g5 {[%clk
0:22:58]} Rxd4 {[%clk 0:32:48]} 43. Kg3 {[%clk 0:23:04]} Re4 {[%clk 0:33:05]} 44.
g6 {[%clk 0:23:09]} d4 {[%clk 0:33:10]} 45. Kf3 {[%clk 0:23:23]} Re1 {[%clk
0:32:58]} 46. Kg4 {[%clk 0:23:24]} d3 {[%clk 0:33:04]} 47. Kh4 {[%clk 0:23:39]}
Rg1 {[%clk 0:32:53]} 48. Kh3 {[%clk 0:24:03]} d2 {[%clk 0:32:42]} 49. Kh2 {[%clk
0:24:25]} d1=Q {[%clk 0:32:21]} 50. Kh3 {[%clk 0:24:47]} Qxh5# {[%clk 0:32:39]}
 0-1

[Event "British Chess Championships 2023: Major Open"]
[Site "The Venue, De Montfort University, 20 Western Boulevard, Leicester, LE2 7BU"]
[Date "2023.07.22"]
[Round "1"]
[Board "2"]
[White "Nelson, Jonathan P"]
[Black "Garnett, John S"]
[Result "1/2-1/2"]
[WhiteElo "2175"]
[BlackElo "1831"]
[PlyCount "0"]
[EventDate "2023.07.22"]
[EventRounds "9"]
[EventCountry "ENG"]

1. e4 {[%clk 1:30:51]} d5 {[%clk 1:30:50]} 2. exd5 {[%clk 1:30:54]} Nf6 {[%clk
1:31:14]} 3. Nf3 {[%clk 1:30:14]} Qxd5 {[%clk 1:31:10]} 4. Nc3 {[%clk 1:28:53]}
Qd6 {[%clk 1:31:17]} 5. d4 {[%clk 1:28:21]} c6 {[%clk 1:30:59]} 6. Bg5 {[%clk
1:25:37]} Nbd7 {[%clk 1:29:48]} 7. Qd2 {[%clk 1:25:33]} g6 {[%clk 1:27:10]} 8.
O-O-O {[%clk 1:14:17]} Bg7 {[%clk 1:26:38]} 9. a3 {[%clk 1:06:23]} Nd5 {[%clk
1:22:01]} 10. Ne4 {[%clk 1:01:28]} Qc7 {[%clk 1:21:19]} 11. c4 {[%clk 0:59:43]}
N5f6 {[%clk 1:18:38]} 12. Nc3 {[%clk 0:57:00]} O-O {[%clk 1:18:11]} 13. Kb1
{[%clk 0:55:06]} e5 {[%clk 1:13:43]} 14. d5 {[%clk 0:52:38]} cxd5 {[%clk
1:12:29]} 15. cxd5 {[%clk 0:53:05]} Nb6 {[%clk 1:10:27]} 16. d6 {[%clk 0:48:00]}
Bf5+ {[%clk 1:07:37]} 17. Ka1 {[%clk 0:47:53]} Qc5 {[%clk 1:06:22]} 18. Be3
{[%clk 0:40:07]} Qa5 {[%clk 1:05:10]} 19. Nb5 {[%clk 0:37:00]} Qxd2 {[%clk
1:04:03]} 20. Rxd2 {[%clk 0:37:10]} Ng4 {[%clk 0:57:58]} 21. Bxb6 {[%clk
0:20:19]} axb6 {[%clk 0:58:07]} 22. Bc4 {[%clk 0:20:44]} e4 {[%clk 0:51:18]} 23.
Nfd4 {[%clk 0:21:03]} e3 {[%clk 0:49:01]} 24. fxe3 {[%clk 0:21:27]} Nxe3 {[%clk
0:49:22]} 25. Ba2 {[%clk 0:21:12]} Bd7 {[%clk 0:45:48]} 26. Re1 {[%clk 0:21:29]}
Bxd4 {[%clk 0:39:12]} 27. Nxd4 {[%clk 0:21:50]} Rfe8 {[%clk 0:37:57]} 28. Rde2
{[%clk 0:21:12]} Nxg2 {[%clk 0:35:20]} 29. Rf1 {[%clk 0:20:57]} Rxe2 {[%clk
0:34:08]} 30. Nxe2 {[%clk 0:21:24]} Rf8 {[%clk 0:31:12]} 31. Nc3 {[%clk 0:17:55]}
Ne3 {[%clk 0:30:15]} 32. Rf3 {[%clk 0:17:09]} Nf5 {[%clk 0:25:52]} 33. Rd3 {[%clk
0:16:40]} Rd8 {[%clk 0:24:34]} 34. b4 {[%clk 0:12:11]} Be6 {[%clk 0:20:58]} 35.
Bxe6 {[%clk 0:10:53]} fxe6 {[%clk 0:21:19]} 36. Ne4 {[%clk 0:10:46]} Kf7 {[%clk
0:18:19]} 37. Kb2 {[%clk 0:11:07]} h6 {[%clk 0:17:53]} 38. a4 {[%clk 0:06:56]} e5
{[%clk 0:17:02]} 39. Rd5 {[%clk 0:06:35]} Ke6 {[%clk 0:13:38]} 40. Rb5 {[%clk
0:06:46]} Nxd6 {[%clk 0:12:10]} 41. Rxb6 {[%clk 0:06:55]} Kd5 {[%clk 0:11:57]}
42. Nxd6 {[%clk 0:06:08]} Rxd6 {[%clk 0:12:20]} 43. Rxb7 {[%clk 0:06:03]} e4
{[%clk 0:10:48]} 44. Re7 {[%clk 0:03:06]} Kd4 {[%clk 0:10:32]} 45. b5 {[%clk
0:03:03]} Kd3 {[%clk 0:10:25]} 46. Kb3 {[%clk 0:03:07]} e3 {[%clk 0:09:55]} 47.
a5 {[%clk 0:28:21]} e2 {[%clk 0:35:05]} 48. Rxe2 {[%clk 0:11:15]} Kxe2 {[%clk
0:35:21]} 49. Kc4 {[%clk 0:11:39]} Rd1 {[%clk 0:31:30]} 50. a6 {[%clk 0:11:47]}
Ra1 {[%clk 0:31:14]} 51. Kc5 {[%clk 0:09:57]} Kf2 {[%clk 0:31:02]} 52. Kc6 {[%clk
0:04:17]} Kg2 {[%clk 0:31:14]} 53. Kb7 {[%clk 0:04:32]} Kxh2 {[%clk 0:31:21]} 54.
a7 {[%clk 0:04:55]} Kg2 {[%clk 0:27:40]} 55. a8=Q {[%clk 0:04:59]} Rxa8 {[%clk
0:28:05]} 56. Kxa8 {[%clk 0:05:26]} h5 {[%clk 0:28:28]} 57. b6 {[%clk 0:05:53]}
h4 {[%clk 0:28:48]} 58. b7 {[%clk 0:06:20]} h3 {[%clk 0:29:14]} 59. b8=Q {[%clk
0:06:44]} h2 {[%clk 0:29:39]} 60. Qb7+ {[%clk 0:07:00]} Kg1 {[%clk 0:29:56]} 61.
Qb6+ {[%clk 0:07:26]} Kg2 {[%clk 0:30:06]} 62. Qxg6+ {[%clk 0:07:49]} Kh1 {[%clk
0:30:22]} 63. Qe4+ {[%clk 0:04:59]} Kg1 {[%clk 0:30:46]} 64. Qe1+ {[%clk
0:05:23]} Kg2 {[%clk 0:31:08]} 65. Qe2+ {[%clk 0:05:48]} Kg1 {[%clk 0:31:29]} 66.
Qf3 {[%clk 0:06:00]} h1=Q {[%clk 0:31:50]} 67. Qxh1+ {[%clk 0:06:28]} Kxh1 {[%clk
0:31:40]}  1/2-1/2

[Event "British Chess Championships 2023: Major Open"]
[Site "The Venue, De Montfort University, 20 Western Boulevard, Leicester, LE2 7BU"]
[Date "2023.07.22"]
[Round "1"]
[Board "3"]
[White "Rida, Ruqayyah"]
[Black "Verma, Aditya"]
[Result "1/2-1/2"]
[WhiteElo "1828"]
[BlackElo "2138"]
[PlyCount "0"]
[EventDate "2023.07.22"]
[EventRounds "9"]
[EventCountry "ENG"]

1. e4 {[%clk 1:30:59]} c5 {[%clk 1:30:57]} 2. Nf3 {[%clk 1:31:17]} d6 {[%clk
1:31:20]} 3. d4 {[%clk 1:31:42]} cxd4 {[%clk 1:31:45]} 4. Nxd4 {[%clk 1:32:06]}
Nf6 {[%clk 1:32:12]} 5. Nc3 {[%clk 1:32:27]} a6 {[%clk 1:31:28]} 6. f3 {[%clk
1:32:37]} e5 {[%clk 1:31:35]} 7. Nb3 {[%clk 1:32:56]} Be6 {[%clk 1:31:49]} 8. Be3
{[%clk 1:33:17]} h5 {[%clk 1:31:51]} 9. Qd2 {[%clk 1:33:28]} Nbd7 {[%clk
1:32:00]} 10. O-O-O {[%clk 1:32:39]} Be7 {[%clk 1:31:12]} 11. h3 {[%clk 1:26:15]}
Rc8 {[%clk 1:30:54]} 12. Bd3 {[%clk 1:25:02]} h4 {[%clk 1:26:20]} 13. Kb1 {[%clk
1:24:50]} b5 {[%clk 1:26:33]} 14. f4 {[%clk 1:12:03]} Qc7 {[%clk 1:13:19]} 15.
Rhe1 {[%clk 1:06:08]} O-O {[%clk 1:10:54]} 16. Qf2 {[%clk 0:52:32]} Bc4 {[%clk
0:50:45]} 17. Nc1 {[%clk 0:43:21]} Rfe8 {[%clk 0:39:05]} 18. Rd2 {[%clk 0:39:36]}
b4 {[%clk 0:33:33]} 19. Nd5 {[%clk 0:33:09]} Nxd5 {[%clk 0:25:45]} 20. exd5
{[%clk 0:33:15]} Bf6 {[%clk 0:24:51]} 21. Bf5 {[%clk 0:23:47]} Rb8 {[%clk
0:22:50]} 22. Qf3 {[%clk 0:19:17]} Nf8 {[%clk 0:19:30]} 23. Red1 {[%clk 0:16:07]}
Qe7 {[%clk 0:10:38]} 24. Qe4 {[%clk 0:09:57]} Bb5 {[%clk 0:07:10]} 25. Bg4 {[%clk
0:08:17]} Qc7 {[%clk 0:05:28]} 26. f5 {[%clk 0:06:08]} Nd7 {[%clk 0:04:49]} 27.
Be2 {[%clk 0:03:59]} Nc5 {[%clk 0:03:22]} 28. Bxc5 {[%clk 0:03:43]} Qxc5 {[%clk
0:03:50]} 29. Nb3 {[%clk 0:03:31]} Qc8 {[%clk 0:02:25]} 30. Na5 {[%clk 0:02:49]}
Bg5 {[%clk 0:01:44]} 31. Bxb5 {[%clk 0:01:18]} Rxb5 {[%clk 0:02:04]} 32. Nc6
{[%clk 0:00:58]} Bxd2 {[%clk 0:02:01]} 33. Rxd2 {[%clk 0:00:59]} f6 {[%clk
0:00:48]} 34. b3 {[%clk 0:00:46]} Kf7 {[%clk 0:00:47]} 35. Na7 {[%clk 0:00:54]}
Qc5 {[%clk 0:00:33]} 36. Nxb5 {[%clk 0:01:16]} Qxb5 {[%clk 0:00:56]} 37. Qxh4
{[%clk 0:01:26]} Qf1+ {[%clk 0:00:46]} 38. Kb2 {[%clk 0:01:50]} Qxf5 {[%clk
0:01:05]} 39. Qxb4 {[%clk 0:02:05]} Re7 {[%clk 0:00:41]} 40. g4 {[%clk 0:02:21]}
Qd7 {[%clk 0:00:40]} 41. Qe4 {[%clk 0:00:47]} Qa7 {[%clk 0:00:39]} 42. Rd3 {[%clk
0:28:39]} Qf2 {[%clk 0:28:54]} 43. Rf3 {[%clk 0:26:32]} Qd2 {[%clk 0:28:15]} 44.
h4 {[%clk 0:24:40]} g6 {[%clk 0:21:57]} 45. h5 {[%clk 0:22:56]} Qd4+ {[%clk
0:22:10]} 46. Qxd4 {[%clk 0:23:16]} exd4 {[%clk 0:22:39]} 47. hxg6+ {[%clk
0:22:44]} Kxg6 {[%clk 0:23:05]} 48. Rf4 {[%clk 0:22:52]} d3 {[%clk 0:23:00]} 49.
cxd3 {[%clk 0:22:41]} Re2+ {[%clk 0:23:26]} 50. Ka3 {[%clk 0:20:33]} Rd2 {[%clk
0:23:40]} 51. d4 {[%clk 0:18:57]} a5 {[%clk 0:21:07]} 52. Re4 {[%clk 0:17:56]}
Kg5 {[%clk 0:21:29]} 53. Re6 {[%clk 0:16:26]} Rxd4 {[%clk 0:20:31]} 54. Rxd6
{[%clk 0:16:30]} Rxg4 {[%clk 0:20:19]} 55. Ra6 {[%clk 0:16:00]} Rd4 {[%clk
0:18:50]} 56. Rxa5 {[%clk 0:16:17]} f5 {[%clk 0:19:03]} 57. Kb2 {[%clk 0:16:24]}
f4 {[%clk 0:15:11]} 58. Kc3 {[%clk 0:15:40]} Rd1 {[%clk 0:14:42]} 59. Kc2 {[%clk
0:11:25]} Rd4 {[%clk 0:15:03]} 60. Kc3 {[%clk 0:05:09]} Rd1 {[%clk 0:15:24]}
 1/2-1/2

[Event "British Chess Championships 2023: Major Open"]
[Site "The Venue, De Montfort University, 20 Western Boulevard, Leicester, LE2 7BU"]
[Date "2023.07.22"]
[Round "1"]
[Board "4"]
[White "Brewer, Callum D"]
[Black "Gibson, Christopher A"]
[Result "1-0"]
[WhiteElo "2132"]
[BlackElo "1820"]
[PlyCount "0"]
[EventDate "2023.07.22"]
[EventRounds "9"]
[EventCountry "ENG"]

1. e4 {[%clk 1:27:34]} c5 {[%clk 1:30:53]} 2. c3 {[%clk 1:27:11]} Nf6 {[%clk
1:31:14]} 3. e5 {[%clk 1:27:40]} Nd5 {[%clk 1:31:35]} 4. d4 {[%clk 1:28:05]} cxd4
{[%clk 1:31:55]} 5. Nf3 {[%clk 1:28:00]} e6 {[%clk 1:32:13]} 6. cxd4 {[%clk
1:28:21]} d6 {[%clk 1:32:34]} 7. Bc4 {[%clk 1:28:49]} Nc6 {[%clk 1:32:35]} 8. O-O
{[%clk 1:28:28]} Be7 {[%clk 1:32:52]} 9. Re1 {[%clk 1:28:56]} O-O {[%clk
1:32:05]} 10. exd6 {[%clk 1:28:29]} Qxd6 {[%clk 1:31:35]} 11. Nc3 {[%clk
1:28:38]} b6 {[%clk 1:20:58]} 12. Bb3 {[%clk 1:20:43]} Bb7 {[%clk 1:20:32]} 13.
Nxd5 {[%clk 1:17:45]} exd5 {[%clk 1:20:47]} 14. Ne5 {[%clk 1:18:13]} Bf6 {[%clk
1:13:08]} 15. f4 {[%clk 1:12:33]} Bc8 {[%clk 0:59:57]} 16. Bc2 {[%clk 1:04:59]}
Ne7 {[%clk 0:56:41]} 17. Be3 {[%clk 0:46:58]} Bf5 {[%clk 0:49:20]} 18. Bxf5
{[%clk 0:35:20]} Nxf5 {[%clk 0:49:02]} 19. Qd3 {[%clk 0:32:39]} Qe6 {[%clk
0:45:43]} 20. Bf2 {[%clk 0:32:12]} Rfe8 {[%clk 0:44:21]} 21. Nxf7 {[%clk
0:22:48]} Qxf7 {[%clk 0:41:25]} 22. Qxf5 {[%clk 0:23:16]} g6 {[%clk 0:36:58]} 23.
Qd3 {[%clk 0:21:53]} Bg7 {[%clk 0:36:42]} 24. g3 {[%clk 0:20:50]} Qd7 {[%clk
0:31:03]} 25. Rac1 {[%clk 0:16:28]} Qa4 {[%clk 0:26:05]} 26. a3 {[%clk 0:12:09]}
Rad8 {[%clk 0:22:10]} 27. f5 {[%clk 0:10:35]} gxf5 {[%clk 0:17:08]} 28. Rxe8+
{[%clk 0:11:02]} Qxe8 {[%clk 0:12:07]} 29. Qxf5 {[%clk 0:11:30]} Qe4 {[%clk
0:10:40]} 30. Qg5 {[%clk 0:06:05]} Rf8 {[%clk 0:11:07]} 31. Qe3 {[%clk 0:06:24]}
Rf3 {[%clk 0:08:29]} 32. Qg5 {[%clk 0:04:22]} Rf5 {[%clk 0:07:29]} 33. Rc8+
{[%clk 0:03:19]} Rf8 {[%clk 0:07:56]} 34. Rxf8+ {[%clk 0:01:54]} Kxf8 {[%clk
0:08:22]} 35. Qd8+ {[%clk 0:01:52]} Kf7 {[%clk 0:08:40]} 36. Qd7+ {[%clk
0:02:23]} Kg8 {[%clk 0:08:45]} 37. Qc8+ {[%clk 0:01:01]} Kf7 {[%clk 0:09:02]} 38.
Qc7+ {[%clk 0:01:20]} Kg8 {[%clk 0:09:07]} 39. Qb8+ {[%clk 0:00:48]} Kf7 {[%clk
0:09:31]} 40. Qxa7+ {[%clk 0:00:58]} Kg8 {[%clk 0:08:24]} 41. Qb8+ {[%clk
0:29:01]} Kf7 {[%clk 0:38:44]} 42. Qc7+ {[%clk 0:29:30]} Kg8 {[%clk 0:39:04]} 43.
Qc3 {[%clk 0:23:57]} Qb1+ {[%clk 0:36:14]} 44. Kg2 {[%clk 0:22:52]} Qe4+ {[%clk
0:32:43]} 45. Qf3 {[%clk 0:23:19]} Qe6 {[%clk 0:32:42]} 46. a4 {[%clk 0:23:30]}
Qc6 {[%clk 0:28:50]} 47. Qf5 {[%clk 0:21:25]} b5 {[%clk 0:25:51]} 48. a5 {[%clk
0:20:30]} Bf6 {[%clk 0:23:31]} 49. g4 {[%clk 0:17:32]} Bg7 {[%clk 0:22:57]} 50.
g5 {[%clk 0:17:13]} b4 {[%clk 0:22:44]} 51. h4 {[%clk 0:14:22]} Qb5 {[%clk
0:22:24]} 52. Qe6+ {[%clk 0:13:54]} Kf8 {[%clk 0:22:46]} 53. a6 {[%clk 0:11:52]}
 1-0

[Event "British Chess Championships 2023: Major Open"]
[Site "The Venue, De Montfort University, 20 Western Boulevard, Leicester, LE2 7BU"]
[Date "2023.07.22"]
[Round "1"]
[Board "5"]
[White "Turner, Lewis A"]
[Black "Dougherty, Michael"]
[Result "0-1"]
[WhiteElo "1803"]
[BlackElo "2110"]
[PlyCount "0"]
[EventDate "2023.07.22"]
[EventRounds "9"]
[EventCountry "ENG"]

1. e4 {[%clk 1:30:57]} c5 {[%clk 1:30:41]} 2. Nf3 {[%clk 1:31:20]} Nc6 {[%clk
1:30:28]} 3. d4 {[%clk 1:31:42]} cxd4 {[%clk 1:30:52]} 4. Nxd4 {[%clk 1:32:08]}
g6 {[%clk 1:30:59]} 5. c4 {[%clk 1:32:26]} Bg7 {[%clk 1:31:22]} 6. Be3 {[%clk
1:32:50]} Nf6 {[%clk 1:31:16]} 7. Nc3 {[%clk 1:33:14]} d6 {[%clk 1:30:50]} 8. Be2
{[%clk 1:33:21]} O-O {[%clk 1:30:33]} 9. O-O {[%clk 1:33:39]} Bd7 {[%clk
1:30:12]} 10. Rc1 {[%clk 1:33:23]} Nxd4 {[%clk 1:29:06]} 11. Bxd4 {[%clk
1:33:46]} Bc6 {[%clk 1:29:18]} 12. Qd3 {[%clk 1:30:41]} Nd7 {[%clk 1:26:04]} 13.
Be3 {[%clk 1:25:30]} f5 {[%clk 1:19:25]} 14. exf5 {[%clk 1:21:43]} Ne5 {[%clk
1:18:13]} 15. Qc2 {[%clk 1:20:21]} gxf5 {[%clk 1:18:00]} 16. f4 {[%clk 1:15:05]}
Ng4 {[%clk 1:12:30]} 17. Bxg4 {[%clk 1:15:28]} fxg4 {[%clk 1:12:57]} 18. Qe2
{[%clk 1:06:35]} Qd7 {[%clk 1:05:57]} 19. Rcd1 {[%clk 0:57:07]} Qf5 {[%clk
0:57:46]} 20. c5 {[%clk 0:44:40]} Rad8 {[%clk 0:33:33]} 21. cxd6 {[%clk 0:38:49]}
Rxd6 {[%clk 0:33:46]} 22. Rxd6 {[%clk 0:37:07]} exd6 {[%clk 0:34:08]} 23. Qc4+
{[%clk 0:32:29]} d5 {[%clk 0:27:11]} 24. Qb3 {[%clk 0:30:44]} Kh8 {[%clk
0:22:14]} 25. Qd1 {[%clk 0:28:53]} Qf6 {[%clk 0:14:55]} 26. Bxa7 {[%clk 0:20:41]}
d4 {[%clk 0:15:03]} 27. Ne2 {[%clk 0:20:53]} Rd8 {[%clk 0:13:56]} 28. Qd3 {[%clk
0:20:25]} Qe6 {[%clk 0:11:22]} 29. f5 {[%clk 0:18:22]} Qe5 {[%clk 0:09:47]} 30.
a4 {[%clk 0:09:06]} Be4 {[%clk 0:06:04]} 31. Qg3 {[%clk 0:06:42]} d3 {[%clk
0:05:56]} 32. Nc3 {[%clk 0:04:52]} Qxg3 {[%clk 0:05:19]} 33. hxg3 {[%clk
0:05:18]} Bxc3 {[%clk 0:05:32]} 34. bxc3 {[%clk 0:05:41]} d2 {[%clk 0:05:56]} 35.
Bd4+ {[%clk 0:05:47]} Rxd4 {[%clk 0:06:15]} 36. cxd4 {[%clk 0:06:06]} Bc2 {[%clk
0:06:35]} 37. d5 {[%clk 0:05:08]} d1=Q {[%clk 0:06:30]} 38. Rxd1 {[%clk 0:05:26]}
Bxd1 {[%clk 0:06:55]}  0-1

[Event "British Chess Championships 2023: Major Open"]
[Site "The Venue, De Montfort University, 20 Western Boulevard, Leicester, LE2 7BU"]
[Date "2023.07.22"]
[Round "1"]
[Board "6"]
[White "Farrand, Tom"]
[Black "Howell, Oliver W"]
[Result "1-0"]
[WhiteElo "2110"]
[BlackElo "1799"]
[PlyCount "0"]
[EventDate "2023.07.22"]
[EventRounds "9"]
[EventCountry "ENG"]

1. e4 {[%clk 1:30:43]} e6 {[%clk 1:30:56]} 2. d4 {[%clk 1:31:05]} d5 {[%clk
1:31:23]} 3. Nc3 {[%clk 1:31:28]} Bb4 {[%clk 1:31:38]} 4. e5 {[%clk 1:31:43]} Ne7
{[%clk 1:31:35]} 5. Bd2 {[%clk 1:31:58]} b6 {[%clk 1:31:40]} 6. Nce2 {[%clk
1:31:39]} Bxd2+ {[%clk 1:31:30]} 7. Qxd2 {[%clk 1:32:04]} Ba6 {[%clk 1:31:00]} 8.
h4 {[%clk 1:29:33]} c5 {[%clk 1:28:43]} 9. c3 {[%clk 1:28:23]} Nbc6 {[%clk
1:28:08]} 10. Nf3 {[%clk 1:26:22]} Rc8 {[%clk 1:25:14]} 11. h5 {[%clk 1:21:46]}
O-O {[%clk 1:18:38]} 12. h6 {[%clk 1:12:56]} g6 {[%clk 1:18:01]} 13. Nf4 {[%clk
1:09:37]} Bxf1 {[%clk 1:17:55]} 14. Kxf1 {[%clk 1:09:57]} Qd7 {[%clk 1:15:28]}
15. Nh5 {[%clk 1:08:43]} f6 {[%clk 0:55:21]} 16. Nxf6+ {[%clk 1:04:59]} Rxf6
{[%clk 0:55:42]} 17. exf6 {[%clk 1:05:23]} Nf5 {[%clk 0:55:37]} 18. g4 {[%clk
1:05:14]} Nd6 {[%clk 0:55:39]} 19. Ng5 {[%clk 0:48:33]} Rf8 {[%clk 0:47:36]} 20.
Qf4 {[%clk 0:48:14]} cxd4 {[%clk 0:47:10]} 21. cxd4 {[%clk 0:48:02]} Nb4 {[%clk
0:46:09]} 22. Qe5 {[%clk 0:43:19]} Nd3 {[%clk 0:43:06]} 23. Qxe6+ {[%clk
0:35:24]} Qxe6 {[%clk 0:42:55]} 24. Nxe6 {[%clk 0:35:50]} Rxf6 {[%clk 0:42:15]}
25. Ke2 {[%clk 0:20:12]} Nxf2 {[%clk 0:40:03]} 26. g5 {[%clk 0:13:22]} Rxe6+
{[%clk 0:30:41]} 27. Kxf2 {[%clk 0:13:49]} Ne4+ {[%clk 0:26:43]} 28. Kg2 {[%clk
0:12:07]} Nxg5 {[%clk 0:26:04]} 29. Rhe1 {[%clk 0:11:39]} Ne4 {[%clk 0:25:21]}
30. Rac1 {[%clk 0:11:37]} g5 {[%clk 0:23:43]} 31. Rc8+ {[%clk 0:11:19]} Kf7
{[%clk 0:23:30]} 32. Rc7+ {[%clk 0:08:57]} Kg6 {[%clk 0:21:15]} 33. Rxa7 {[%clk
0:07:32]} Kxh6 {[%clk 0:19:18]} 34. Rh1+ {[%clk 0:07:10]} Kg6 {[%clk 0:19:32]}
35. Rhxh7 {[%clk 0:06:52]} Kf5 {[%clk 0:18:05]} 36. Rhe7 {[%clk 0:06:38]} Rh6
{[%clk 0:12:45]} 37. Re5+ {[%clk 0:05:35]} Kg4 {[%clk 0:12:09]} 38. Rxd5 {[%clk
0:05:43]} Rc6 {[%clk 0:11:24]} 39. Re5 {[%clk 0:03:09]} Rc2+ {[%clk 0:06:49]} 40.
Kf1 {[%clk 0:03:00]} Nd2+ {[%clk 0:02:11]} 41. Ke2 {[%clk 0:00:40]} Rxb2 {[%clk
0:29:28]} 42. Kd3 {[%clk 0:30:53]} Nf3 {[%clk 0:28:42]} 43. Re3 {[%clk 0:23:23]}
Kg3 {[%clk 0:22:14]} 44. Kc3 {[%clk 0:20:31]} Rb1 {[%clk 0:21:53]} 45. d5 {[%clk
0:20:24]} Rc1+ {[%clk 0:14:23]} 46. Kb2 {[%clk 0:20:45]} Rd1 {[%clk 0:14:21]} 47.
Raa3 {[%clk 0:20:44]} g4 {[%clk 0:13:54]} 48. Rad3 {[%clk 0:18:45]} Rxd3 {[%clk
0:09:56]} 49. Rxd3 {[%clk 0:19:11]} Kf2 {[%clk 0:07:36]} 50. d6 {[%clk 0:19:22]}
Ne5 {[%clk 0:07:40]} 51. d7 {[%clk 0:19:05]} Nxd3+ {[%clk 0:06:49]} 52. Kc3
{[%clk 0:19:26]} Nf4 {[%clk 0:01:17]} 53. d8=Q {[%clk 0:19:32]} Kg2 {[%clk
0:00:48]} 54. Qd2+ {[%clk 0:16:20]} Kf3 {[%clk 0:01:07]} 55. Qd1+ {[%clk
0:16:24]} Kg3 {[%clk 0:01:04]} 56. Kd4 {[%clk 0:16:06]} Kh3 {[%clk 0:01:13]} 57.
Ke4 {[%clk 0:13:24]} Ng2 {[%clk 0:01:33]} 58. Qh1+ {[%clk 0:12:53]} Kg3 {[%clk
0:02:01]} 59. Qg1 {[%clk 0:10:54]} b5 {[%clk 0:02:04]} 60. Qb1 {[%clk 0:10:47]}
 1-0

[Event "British Chess Championships 2023: Major Open"]
[Site "The Venue, De Montfort University, 20 Western Boulevard, Leicester, LE2 7BU"]
[Date "2023.07.22"]
[Round "1"]
[Board "7"]
[White "Santhosh, Abhyuday"]
[Black "Smith, Andrew P"]
[Result "1-0"]
[WhiteElo "1797"]
[BlackElo "2038"]
[PlyCount "65"]
[EventDate "2023.07.22"]
[EventRounds "9"]
[EventCountry "ENG"]

1. e4 c5 2. Nf3 Nc6 3. d4 cxd4 4. Nxd4 Nf6 5. Nc3 e5 6. Ndb5 d6 7. Bg5 a6 8.
Na3 b5 9. Nab1 Be7 10. Bxf6 Bxf6 11. a4 bxa4 12. Rxa4 O-O 13. Bc4 Rb8 14. b3 a5
15. Nd5 Bg5 16. Nbc3 Kh8 17. O-O g6 18. Nb5 Be6 19. Qa1 Kg8 20. Rd1 Bg4 21. f3
Bc8 22. Qa3 Nb4 23. Nxb4 Be3+ 24. Kh1 axb4 25. Qxb4 Qh4 26. Qe1 Bf2 27. Qf1 Bg3
28. h3 Rxb5 29. Bxb5 Bf4 30. g4 f5 31. gxf5 gxf5 32. Qg2+ Kf7 33. Ra7+  1-0

[Event "British Chess Championships 2023: Major Open"]
[Site "The Venue, De Montfort University, 20 Western Boulevard, Leicester, LE2 7BU"]
[Date "2023.07.22"]
[Round "1"]
[Board "8"]
[White "Dilley, Jason M"]
[Black "Verbytski, Oleg"]
[Result "1-0"]
[WhiteElo "2034"]
[BlackElo "1795"]
[PlyCount "109"]
[EventDate "2023.07.22"]
[EventRounds "9"]
[EventCountry "ENG"]

1. d4 Nf6 2. Bg5 g6 3. Bxf6 exf6 4. e3 Bg7 5. Bd3 h5 6. Ne2 f5 7. Nf4 b6 8. Qf3
Nc6 9. c3 Bb7 10. Qe2 O-O 11. Nd2 d6 12. O-O-O a6 13. h4 b5 14. Nf3 Bh6 15. Ng5
Re8 16. Rh3 Bxg5 17. hxg5 Qxg5 18. Nxh5 Kf8 19. Nf4 Qxf4 20. exf4 Rxe2 21. Bxe2
Ne7 22. Rh8+ Kg7 23. Rxa8 Bxa8 24. g3 d5 25. b3 Nc8 26. Kb2 Nd6 27. f3 Kf8 28.
Ra1 Ke7 29. a4 Bc6 30. axb5 Bxb5 31. Bxb5 axb5 32. Ka3 f6 33. Kb4 g5 34. fxg5
fxg5 35. Kc5 g4 36. fxg4 Ne4+ 37. Kxd5 Nxc3+ 38. Kc6 fxg4 39. Re1+ Kd8 40. d5
b4 41. Re5 Nd1 42. Re4 Nf2 43. Rxb4 Nd3 44. Rb8+ Ke7 45. Kxc7 Nc5 46. d6+ Kf7
47. d7 Nxd7 48. Kxd7 Kf6 49. Re8 Kf7 50. Re6 Kg7 51. Ke7 Kg8 52. Rg6+ Kh8 53.
Kf7 Kh7 54. Rf6 Kh8 55. Rh6#  1-0